000
00351nam a2200169Ia 4500
100
_a
Silberschatz/Abraham/ Galvin/ P.B.
650
_a
Web engineering
250
_a
8
942
_c
BK
366
_f
25
245
_a
Operating Systems
260
_b
Wiley India
_c
2010
082
_a
4.65
_b
KAP
300
_a
962
546
_a
ENGLISH
999
_c
34423
_d
34423